Ravi 2012 / (Record no. 523825)

000 -LEADER
fixed length control field 00461nam a22001697a 4500
003 - CONTROL NUMBER IDENTIFIER
control field NUST
038 ## - RECORD CONTENT LICENSOR
Staff Name waseem
082 ## - DEWEY DECIMAL CLASSIFICATION NUMBER
Classification number 891.43905
Author Mark RAV
100 ## - MAIN ENTRY--PERSONAL NAME
Personal name Muhammad Khaleeq-Ur-Rehman
9 (RLIN) 14594
245 ## - TITLE STATEMENT
Title Ravi 2012 /
Statement of responsibility, etc. Muhammad Khaleeq-Ur-Rehman
260 ## - PUBLICATION, DISTRIBUTION, ETC.
Place of publication, distribution, etc. Lahore :
Name of publisher, distributor, etc. G.C. University,
Date of publication, distribution, etc. 2012.
300 ## - PHYSICAL DESCRIPTION
Extent 273 p. ;
500 ## - GENERAL NOTE
General note Paperback.
880 ## - ALTERNATE GRAPHIC REPRESENTATION
Linkage 100-02\r
Title محمد خلیق الرحمان
880 ## - ALTERNATE GRAPHIC REPRESENTATION
Linkage 245-02\r
Title راوی 2012 /
942 ## - ADDED ENTRY ELEMENTS (KOHA)
Source of classification or shelving scheme
Koha item type Book
Holdings
Withdrawn status Lost status Source of classification or shelving scheme Damaged status Not for loan Permanent Location Current Location Date acquired Total Checkouts Full call number Barcode Date last seen Date last checked out Price effective from Koha item type
          Central Library (CL) Central Library (CL) 05/29/2019 1 891.43905 RAV CL-E-1925 03/07/2022 03/07/2022 05/29/2019 Book
© 2023 Central Library, National University of Sciences and Technology. All Rights Reserved.